Quizzes
Events
Quiz Creation
Community
Videos
Private Events
Remove Ads
Sign In
Join for FREE
Feedback
Dark Mode
Quiz Categories
Sports
Geography
Music
Movies
Television
Just For Fun
Miscellaneous
History
Literature
Language
Science
Gaming
Entertainment
Religion
Holiday
For Kids
Quiz Lab
Recent
Popular Today
Quiz Kudos Today
Editor Picks
Curator Picks
Quizzes by...
Day
Popularity
Type
Ratings
Length
Year
Community
Subscriptions
Recent Discussions
Orange Saloon
Badges
Playlists
Quests
Create
Leaderboards
Showdown
Live 5
Trivia Bingo
Activity
Puzzle Library
Sporcle Events
Private Events
Virtual Trivia
Globe League
Become a Host
Pub Owners
SporcleCon
Opinionation
Our Games
Videos
Blog
Mobile Apps
Partnerships
Remove Ads and Go Orange
Feedback
History
US Presidents
World Leaders
Politics
Nation
Discovery
War
Decade
Year
Century
Biography
Art
History
US Presidents
World Leaders
Politics
Nation
Discovery
War
Decade
Year
Century
Biography
Art
Random Quiz
Search Sporcle
×
Quiz Lab
Quiz Lab
History
constitution
Type in answers that appear in a list
Type in answers that appear in a list
Classic
Best Score? Go Orange.
The constitution game. Stats
Can you name the Parts of the constitution?
By
kevinsaga
10m
25 Questions
13 Plays
13 Plays
13 Plays
Comments
Comments
Give Quiz Kudos
Give Quiz Kudos
-
- Ratings
hide this ad
Forced Order
Answers have to be entered in order
Answers have to be entered in order
Replay
Link that replays current quiz
Next Quiz
Link to next quiz in quiz playlist
You Got
0%
They Got
Avg Score
38%
Avg Friend Score
Upgrade to see
Score Distribution
Jump to the score distribution portion of the page
Score
0/25
Timer
10:00
0
Plays Today
Hints
Answer
% Correct
preamble
we the people
92.3%
Article 2 creates which branch?
Executive
76.9%
Article 3 establishes which branch?
Judicial
69.2%
Women's suffrage
19
69.2%
Repeals the Amendment on the Prohibition of Alcohol
21
69.2%
What year was the constitution ratified
1787
61.5%
Article 1 describes the power of which branch
Legislative
61.5%
Voting age nationally established as age 18
26
61.5%
Prohibition of alcohol
18
53.8%
TWO TERMZZZZ
22
53.8%
Abolition of slavery, except as punishment for a crime-
13
46.2%
Direct election to the United States Senate
17
38.5%
Suffrage no longer restricted by race
15
38.5%
Hints
Answer
% Correct
Citizenship, state due process, applies Bill of Rights to the states, revision to apportionment of Representatives, Denies public office to anyone who has rebelled against the US
14
30.8%
Presidential Succession
25
30.8%
Revision of presidential election procedures
12
23.1%
Allows federal income tax
16
23.1%
No quartering of soldiers in private houses during peacetime
3
15.4%
No excessive bail & fines or cruel & unusual punishment
8
7.7%
The Right of the People to keep and Bear Arms
2
7.7%
Indictments; Due process; Self-
incrimination; Double jeopardy, and rules for Eminent Domain
5
7.7%
Freedom of speech, press, assembly, religion, petition
1
7.7%
Interdiction of unreasonable Searches and seizures; warrants
4
7.7%
Right to a fair and speedy public trial, Notice of accusations, confronting one's accuser, Subpoenas, Right to counsel
6
7.7%
Right to trial by jury in civil cases
7
7.7%
Quiz Playlist
Details
Report
Send in Message
Add To Playlist
Classic:
Type in answers that appear in a list
Forced Order:
Answers have to be entered in order
Last Updated: Feb 16, 2017
Quiz Scoreboard
CHALLENGE
Sign Up to Join the Scoreboard
Show All
Scores
Hide
Comments
May contain spoilers
Recently Published
Presidents Visiting Landmarks
by Hejman
History
7m
An Introduction to Baseball
by treessimontrees
Sports
5m
Movies - When Are They Set?
by FPL_Elf
Movies
5m
More to Explore
Quiz From the Vault
Featured Blog Post
Where Did the Easter Bunny Come From?
hide this ad
You Might Also Like...
Tags
constitution
Today's Top Quizzes in History
Browse History
hide this ad
Today's Top Quizzes in constitution
Browse constitution
Top Contributed Quizzes in History
1
Popular People in 1991
2
Popular People in 1981
3
Popular People in 1951
4
Popular People in 1941
5
Popular People in 1986
6
Popular People in 1976
7
Popular People in 1921
8
I Am Born On March 28th
9
Popular People in 1946
10
5-to-1: 20th Century Images of War
Explore More
Trending Topics
Disney
Marvel
NBA
Harry Potter
Kpop
Anime
Crossword
NFL
Song
WWE
Country
The Office
Soccer
Puzzle
Pokémon
hide this ad
More By:
kevinsaga
Quiz
Plays
Rating
Category
Featured
Created
spanish holidays
68
4.00
Language
Mar 30, 2010
The constitution game.
13
History
Feb 1, 2013
Go to Creator's Profile
Score Distribution
Quiz Creator Spotlight
kevinsaga
Follow
Send a Message
Quizzes Created
-
Created Quiz Play Count
-
More By This Creator
Popular Quizzes Today
1
Find the US States - No Outlines Minefield
2
Find the Countries of Europe - No Outlines Minefield
3
The Countries of the World
4
Find the US States
5
Popular People in 1961
6
US States
7
Risky Map Clicking: Biggest States A-Z
8
Movies - When Are They Set?
More History Quizzes
10 to 1: US Civil War
Editor's Pick
Trending Quizzes
Risky Map Clicking: Least Populous States A-Z
1-10 Letter G Words
1-10 Letter F Words
Risky Map Clicking: Next State Alphabetically
Risky Map Clicking: Biggest States A-Z
Recently Updated
Leaping Animals
pecheneg
Reality TV Shows (A-Z)
bhenderson79
Rickey Henderson's Hall of Fame Teammates
pecheneg
Champions League XIs: Arsenal
pecheneg
Quick Pick: Celebrities in WWE's Hall of Fame
aduchscher
A-Z Keypad Blitz II
pecheneg
Multiple Oscar Actors
pecheneg
Mystery Phrase Blitz: Oscar 'Best Actors'
pecheneg
F. Scott Fitzgerald Novels
LTH
Pick 3 Villains
ddd62291
Trending Topics
Kpop
Anime
NBA
Crossword
Harry Potter
Disney
Marvel
Country
Song
NFL
Pokémon
WWE
The Office
Soccer
Puzzle
Your Account Isn't Verified!
In order to create a playlist on Sporcle, you need to verify the email address you used during registration. Go to your
Sporcle Settings
to finish the process.
Report this User
Report this user for behavior that violates our
Community Guidelines
.
Details:
Send Report
Go to the Sporcle.com Mobile Site →
Comments